<?xml version="1.0" encoding="UTF-8"?>
<marc:record xmlns:marc="http://www.loc.gov/MARC21/slim">
   <marc:leader>00000nam a2200000 a 4500</marc:leader>
   <marc:datafield ind1="1" ind2=" " tag="100">
      <marc:subfield code="a">Berggren, Mats</marc:subfield>
      <marc:subfield code="4">aut</marc:subfield>
      <marc:subfield code="e">Verfasser/-in</marc:subfield>
   </marc:datafield>
   <marc:datafield ind1="0" ind2="0" tag="245">
      <marc:subfield code="a">Aus dem Takt</marc:subfield>
   </marc:datafield>
   <marc:datafield ind1="0" ind2="0" tag="245">
      <marc:subfield code="c">Mats Berggren</marc:subfield>
   </marc:datafield>
   <marc:datafield ind1=" " ind2="1" tag="264">
      <marc:subfield code="a">Stuttgart</marc:subfield>
      <marc:subfield code="b">Spectrum-Verl.</marc:subfield>
      <marc:subfield code="c">1991</marc:subfield>
   </marc:datafield>
   <marc:datafield ind1="1" ind2=" " tag="490">
      <marc:subfield code="a">Spectrum spontan</marc:subfield>
   </marc:datafield>
   <marc:datafield ind1="1" ind2=" " tag="520">
      <marc:subfield code="a">Eine leidenschaftliche Beziehung entwickelt sich zwischen Bo und der Schauspielerin Annette. Reibungspunkte sind die unterschiedliche Herkunft und Berufswelt der beiden. An Bos Arbeitsplatz, am Fliessband eines grossen Motorenwerkes, bahnt sich ein Konflikt zwischen Arbeitern und Vorgesetzten an, als der Akkord erhöht werden soll. Die Beschreibung der industriellen Arbeitswelt hat einen realistischen Hintergrund, der Autor hat selber am Fliessband gearbeitet. Das Buch erzählt eine Liebesgeschichte, gewährt Einblicke in die besonderen Belastungen von Akkordarbeit, thematisiert die Solidarität unter den Arbeitern und ihre Konflikte, die sich sowohl aus den hierarchischen Strukturen als auch aus der internationalen Zusammensetzung ergeben. Trotz Mängel in der Übersetzung zu empfehlen. Ab 14, auch für Erwachsene.</marc:subfield>
   </marc:datafield>
   <marc:datafield ind1=" " ind2=" " tag="020">
      <marc:subfield code="a">3797614551</marc:subfield>
      <marc:subfield code="9">3797614551</marc:subfield>
   </marc:datafield>
   <marc:datafield ind1=" " ind2=" " tag="500">
      <marc:subfield code="a">Aus dem Schwed. übers.</marc:subfield>
   </marc:datafield>
   <marc:datafield ind1="0" ind2=" " tag="490">
      <marc:subfield code="v">0</marc:subfield>
   </marc:datafield>
   <marc:datafield ind1=" " ind2=" " tag="300">
      <marc:subfield code="a">154 S.</marc:subfield>
   </marc:datafield>
</marc:record>
